[Event "28th European Club Cup"]
[Site "Eilat ISR"]
[Date "2012.10.16"]
[Round "6.15"]
[White "Kocheev, Aleksandr"]
[Black "Hamiti, Gani"]
[Result "1-0"]
[WhiteElo "2324"]
[BlackElo "2144"]
[WhiteTeam "Ladia Minsk"]
[BlackTeam "Chess Club Expik"]
[WhiteFideId "13507842"]
[BlackFideId "4701194"]
[EventDate "2012.10.11"]
[EventType "team-swiss"]

1. e4 e5 2. Nf3 Nc6 3. Bb5 Nf6 4. O-O Nxe4 5. d4 d5 6. Nxe5 Qd6 7. c4 Bd7 8. c5
Qe6 9. Bxc6 Bxc6 10. f3 Bb5 11. Re1 f6 12. Nd3 O-O-O 13. fxe4 dxe4 14. Nf4 Qf5
15. Qb3 Bd7 16. Nc3 g5 17. Nfe2 Qg6 18. Be3 c6 19. d5 f5 20. Bd4 Rg8 21. Qa3
cxd5 22. Qxa7 Qe6 23. b4 Qa6 24. Qxa6 bxa6 25. Nxd5 Bb5 26. Nec3 Kb7 27. Bf6 Rd7
28. Nxb5 Rxd5 29. Nc3 Rd2 30. Rad1 Rxd1 31. Rxd1 Rg6 32. Rd7+ Kc6 33. Rf7 Bxc5+
34. bxc5 Kxc5 35. Bh8 1-0

[Event "28th European Club Cup"]
[Site "Eilat ISR"]
[Date "2012.10.16"]
[Round "6.16"]
[White "Moen, Andreas"]
[Black "Nyysti, Sampsa"]
[Result "1-0"]
[WhiteTitle "IM"]
[BlackTitle "IM"]
[WhiteElo "2377"]
[BlackElo "2343"]
[WhiteTeam "Oslo Schakselskap"]
[BlackTeam "Shakkivelhot"]
[WhiteFideId "1501453"]
[BlackFideId "502138"]
[EventDate "2012.10.11"]
[EventType "team-swiss"]

1. e4 e5 2. Nf3 Nc6 3. Bb5 a6 4. Ba4 Nf6 5. O-O Be7 6. Re1 b5 7. Bb3 d6 8. c3
Na5 9. Bc2 c5 10. d4 Qc7 11. Nbd2 O-O 12. b3 Bd7 13. Nf1 cxd4 14. cxd4 Bg4 15.
Ne3 Bxf3 16. Qxf3 Qc3 17. Ba3 b4 18. Nf5 Qxf3 19. Nxe7+ Kh8 20. gxf3 bxa3 21. b4
Nc4 22. d5 a5 23. b5 Rfe8 24. Nc6 Nd7 25. Bd3 Ncb6 26. Bf1 f5 27. Re3 fxe4 28.
fxe4 Nc5 29. f3 Rf8 30. Rxa3 Nb7 31. Rc1 Rf7 32. Bh3 g6 33. Rcc3 Kg7 34. Be6 Rc7
35. Nxe5 Rxc3 36. Rxc3 Nc5 37. Nf7 Nxe6 38. dxe6 Rc8 39. Rxc8 Nxc8 40. Nd8 Kf6
41. Nc6 Kxe6 42. Nxa5 d5 43. Kf2 dxe4 44. fxe4 Nd6 45. b6 Nxe4+ 46. Ke3 1-0

[Event "28th European Club Cup"]
[Site "Eilat ISR"]
[Date "2012.10.16"]
[Round "6.16"]
[White "Kosmo, Santul"]
[Black "Stubberud, Ornulf"]
[Result "1/2-1/2"]
[BlackTitle "FM"]
[WhiteElo "2212"]
[BlackElo "2309"]
[WhiteTeam "Shakkivelhot"]
[BlackTeam "Oslo Schakselskap"]
[WhiteFideId "504173"]
[BlackFideId "1503758"]
[EventDate "2012.10.11"]
[EventType "team-swiss"]

1. e4 c5 2. Nf3 e6 3. g3 a6 4. Bg2 Qc7 5. O-O d6 6. d4 cxd4 7. Nxd4 Bd7 8. Nc3
Nc6 9. Re1 Nxd4 10. Qxd4 Ne7 11. Bg5 f6 12. Be3 Nc6 13. Qd1 b5 14. f4 b4 15. Na4
Rb8 16. b3 Na5 17. Nb6 Rxb6 18. Qh5+ g6 19. Qxa5 Rb7 20. Qxc7 Rxc7 21. Rac1 Be7
22. Bd2 Rb7 23. c3 bxc3 24. Bxc3 e5 25. Bf1 Bb5 26. Bxb5+ Rxb5 27. Kf2 Kd7 28.
Bd2 a5 29. Rc4 Ra8 30. Rec1 Bd8 31. Ke2 Bb6 32. Be3 Bd8 33. Bd2 Bb6 34. Be3 Bd8
35. Bd2 Bb6 36. Be3 1/2-1/2

[Event "28th European Club Cup"]
[Site "Eilat ISR"]
[Date "2012.10.16"]
[Round "6.16"]
[White "Dolzhikova, Olga"]
[Black "Verkasalo, Tommi"]
[Result "1-0"]
[WhiteTitle "WGM"]
[WhiteElo "2286"]
[BlackElo "2185"]
[WhiteTeam "Oslo Schakselskap"]
[BlackTeam "Shakkivelhot"]
[WhiteFideId "14105870"]
[BlackFideId "503070"]
[EventDate "2012.10.11"]
[EventType "team-swiss"]

1. e4 c5 2. c3 d5 3. exd5 Qxd5 4. d4 Nf6 5. Nf3 e6 6. Bd3 Nc6 7. O-O Be7 8. a3
O-O 9. Be3 Rd8 10. Qe2 b6 11. Rd1 cxd4 12. cxd4 Bb7 13. Nc3 Qd6 14. Rac1 Rac8
15. Bb1 Na5 16. Ba2 Nd5 17. Nb5 Qb8 18. Ne5 a6 19. Rxc8 Qxc8 20. Rc1 Qa8 21. Nc3
Bf6 22. Ng4 Be7 23. b4 Nxe3 24. Qxe3 Nc6 25. d5 exd5 26. Nxd5 Bd6 27. Ngf6+ gxf6
28. Nxf6+ Kf8 29. Nxh7+ Kg7 30. Qg5+ Kxh7 31. Bb1+ f5 32. Bxf5+ Kh8 33. Qh6+ Kg8
34. Be6# 1-0

[Event "28th European Club Cup"]
[Site "Eilat ISR"]
[Date "2012.10.16"]
[Round "6.17"]
[White "Villegas, Pierre"]
[Black "Leer-Salvesen, Bjarte"]
[Result "0-1"]
[BlackTitle "IM"]
[WhiteElo "2202"]
[BlackElo "2370"]
[WhiteTeam "C.E. de Monte Carlo"]
[BlackTeam "Soss"]
[WhiteFideId "654183"]
[BlackFideId "1501496"]
[EventDate "2012.10.11"]
[EventType "team-swiss"]

1. d4 d5 2. Bf4 Nf6 3. e3 e6 4. Nf3 c5 5. c3 Nc6 6. Nbd2 Bd6 7. Bg3 O-O 8. Bd3
Ne7 9. Ne5 Qc7 10. f4 Nf5 11. Bf2 Be7 12. Qf3 b6 13. Qh3 Nd6 14. Bh4 Nfe4 15.
Bxe7 Qxe7 16. dxc5 bxc5 17. Nxe4 dxe4 18. Be2 f6 19. Nc4 Ba6 20. Nxd6 Qxd6 21.
c4 Rad8 22. Kf2 Bc8 23. Rhd1 Qb6 24. b3 Qa5 25. Qh5 g6 26. Qh6 Rxd1 27. Rxd1
Qxa2 28. h4 e5 29. h5 Bg4 30. hxg6 Qxe2+ 31. Kg3 Qxe3+ 32. Kxg4 f5+ 33. Kh4
Qxf4+ 34. Qxf4 exf4 35. gxh7+ Kxh7 36. Kg5 Rb8 37. Kxf5 f3 38. gxf3 exf3 39. Ke5
Rxb3 40. Rd7+ Kg6 41. Rxa7 f2 42. Ra1 Rc3 43. Kd5 Rf3 44. Rf1 Rf5+ 45. Kc6 Kg5
46. Kd6 Kf6 47. Kc6 Kg5 48. Kd6 Kh4 49. Ke6 Kg4 0-1

[Event "28th European Club Cup"]
[Site "Eilat ISR"]
[Date "2012.10.16"]
[Round "6.17"]
[White "Byklum, Bjornar"]
[Black "Nelis, Jean-Francois"]
[Result "1/2-1/2"]
[WhiteTitle "FM"]
[WhiteElo "2298"]
[BlackElo "2212"]
[WhiteTeam "Soss"]
[BlackTeam "C.E. de Monte Carlo"]
[WhiteFideId "1502123"]
[BlackFideId "623830"]
[EventDate "2012.10.11"]
[EventType "team-swiss"]

1. e4 e6 2. d3 d5 3. Qe2 dxe4 4. dxe4 e5 5. Nf3 Nc6 6. g3 Nf6 7. Bg2 Bc5 8. O-O
O-O 9. h3 Qe7 10. Bg5 h6 11. Bxf6 Qxf6 12. Nc3 Ne7 13. Nd2 c6 14. a4 a5 15. Nc4
b6 16. Nd1 Ba6 17. b3 Nc8 18. c3 Nd6 19. Ndb2 Nxc4 20. Nxc4 Rad8 21. Rfd1 Bxc4
22. bxc4 h5 23. h4 g6 24. Bh3 Rfe8 25. Bd7 Re7 26. Bh3 Ree8 27. Bd7 Re7 28. Bh3
Ree8 1/2-1/2

[Event "28th European Club Cup"]
[Site "Eilat ISR"]
[Date "2012.10.16"]
[Round "6.17"]
[White "Van Hoolandt, Patrick"]
[Black "Harestad, Hans Krogh"]
[Result "0-1"]
[WhiteTitle "FM"]
[WhiteElo "2191"]
[BlackElo "2265"]
[WhiteTeam "C.E. de Monte Carlo"]
[BlackTeam "Soss"]
[WhiteFideId "200999"]
[BlackFideId "1501640"]
[EventDate "2012.10.11"]
[EventType "team-swiss"]

1. d4 d5 2. c4 c6 3. Nf3 Nf6 4. Nc3 dxc4 5. a4 Bf5 6. Ne5 Nbd7 7. Nxc4 Nb6 8.
Ne5 a5 9. f3 Nfd7 10. Nxd7 Nxd7 11. e4 Bg6 12. Be2 Qb6 13. f4 e6 14. O-O f6 15.
Kh1 Bb4 16. Qb3 O-O-O 17. Be3 e5 18. Qc4 exd4 19. Bxd4 Bc5 20. Bxc5 Qxc5 21.
Rac1 Qxc4 22. Bxc4 Nc5 23. f5 Bh5 24. h3 Rd4 25. Nb5 cxb5 26. Be6+ Kb8 27. Rxc5
Be2 28. Rfc1 Rhd8 29. axb5 Rb4 30. Rd5 Rxd5 31. exd5 Bxb5 32. d6 Rd4 33. Rc5 Bc6
34. d7 Kc7 35. Rc2 Kd8 36. Kg1 Bxd7 37. Bxd7 Kxd7 38. g4 Rd3 39. Kg2 a4 40. Rc4
b5 41. Rc2 b4 42. h4 Kd6 43. Kf2 Rh3 44. Kg2 Rb3 45. Re2 Kd5 46. Kf2 Kd4 47. Kg2
Kd3 48. Kf3 a3 49. bxa3 bxa3 50. Re7 a2 51. Ra7 Kc2+ 52. Ke4 Kb2 53. Rxa2+ Kxa2
54. g5 Rb4+ 55. Kd5 Rxh4 56. gxf6 gxf6 57. Ke6 Rg4 58. Kxf6 h5 0-1

[Event "28th European Club Cup"]
[Site "Eilat ISR"]
[Date "2012.10.16"]
[Round "6.17"]
[White "Stenersen, Gudmund"]
[Black "Farleigh, Richard"]
[Result "1-0"]
[WhiteElo "2226"]
[BlackElo "2184"]
[WhiteTeam "Soss"]
[BlackTeam "C.E. de Monte Carlo"]
[WhiteFideId "1502581"]
[BlackFideId "5400112"]
[EventDate "2012.10.11"]
[EventType "team-swiss"]

1. e4 e6 2. d4 d5 3. Nc3 Be7 4. Bd3 Nc6 5. Nf3 Nb4 6. O-O Nxd3 7. cxd3 Nf6 8.
Bf4 c6 9. Qc2 O-O 10. Rab1 Nh5 11. Be3 f5 12. b4 Bd7 13. exf5 exf5 14. Ne5 a6
15. f4 Nf6 16. Na4 Ng4 17. Rfe1 Bc8 18. Nc5 g5 19. g3 Qe8 20. Nxg4 fxg4 21. fxg5
Qg6 22. Qd2 b6 23. Na4 Bf5 24. Bf4 Bxd3 25. Nxb6 Bxb1 26. Nxa8 Be4 27. Nc7 Qf5
28. Nxa6 Bxg5 29. Nc5 Bxf4 30. Qxf4 Qg6 31. Qe3 Rf3 32. Qd2 Qf5 33. a4 h5 34. a5
h4 35. a6 hxg3 36. a7 Qc8 37. Nxe4 dxe4 38. Qa2+ 1-0

[Event "28th European Club Cup"]
[Site "Eilat ISR"]
[Date "2012.10.16"]
[Round "6.17"]
[White "Iclicki, Willy"]
[Black "Andreassen, Pal"]
[Result "0-1"]
[WhiteElo "2044"]
[BlackElo "2133"]
[WhiteTeam "C.E. de Monte Carlo"]
[BlackTeam "Soss"]
[WhiteFideId "200450"]
[BlackFideId "1503723"]
[EventDate "2012.10.11"]
[EventType "team-swiss"]

1. d4 Nf6 2. c4 c5 3. d5 b5 4. cxb5 a6 5. bxa6 g6 6. Nc3 Bxa6 7. Nf3 d6 8. e4
Bxf1 9. Kxf1 Nbd7 10. g3 Bg7 11. Kg2 O-O 12. h3 Ra6 13. Re1 Qa8 14. Qc2 Qb7 15.
Re2 e6 16. dxe6 fxe6 17. Bg5 d5 18. exd5 exd5 19. Re7 Kh8 20. Rae1 d4 21. Ne4
Ng8 22. Nxc5 Qxf3+ 23. Kg1 Nxc5 24. Bf4 Nd3 25. Rxg7 Kxg7 0-1

[Event "28th European Club Cup"]
[Site "Eilat ISR"]
[Date "2012.10.16"]
[Round "6.17"]
[White "Sodtholt, Dag"]
[Black "Rapaire, Jean-michel"]
[Result "1-0"]
[WhiteElo "1954"]
[BlackElo "1899"]
[WhiteTeam "Soss"]
[BlackTeam "C.E. de Monte Carlo"]
[WhiteFideId "1501488"]
[BlackFideId "5400023"]
[EventDate "2012.10.11"]
[EventType "team-swiss"]

1. c4 e5 2. g3 Nf6 3. Bg2 Be7 4. Nc3 O-O 5. Nf3 d6 6. O-O Nc6 7. Rb1 Bf5 8. d3
e4 9. Nh4 Be6 10. dxe4 Bxc4 11. Qa4 Be6 12. Nf5 Bc8 13. Rd1 Nd7 14. Be3 Nde5 15.
h3 Bd7 16. f4 Ng6 17. Rbc1 Qc8 18. Qc2 Nb4 19. Qb1 Bf6 20. a3 Bxc3 21. Rxc3 Nc6
22. Qc2 Re8 23. Bf2 Nge7 24. g4 Nxf5 25. exf5 a5 26. b3 h5 27. Bh4 hxg4 28. hxg4
g6 29. Bf6 Kf8 30. Rh3 Ne7 31. Qb2 Ng8 32. Bg7+ Ke7 33. Re3+ Kd8 34. Bf6+ Ne7
35. Bxe7+ Rxe7 36. Qf6 Be6 37. fxe6 fxe6 38. Bd5 e5 39. f5 Qd7 40. Qh8+ Re8 41.
Qh4+ Qe7 42. f6 Qf8 43. f7+ Re7 44. Bxb7 Rb8 45. Rxe5 Rxb7 46. Rxe7 Qxe7 47.
f8=Q+ 1-0

[Event "28th European Club Cup"]
[Site "Eilat ISR"]
[Date "2012.10.17"]
[Round "7.2"]
[White "Movsesian, Sergei"]
[Black "Smirin, Ilia"]
[Result "1/2-1/2"]
[WhiteTitle "GM"]
[BlackTitle "GM"]
[WhiteElo "2699"]
[BlackElo "2638"]
[WhiteTeam "Saint-Petersburg Chess Federation"]
[BlackTeam "Ashdod"]
[WhiteFideId "310204"]
[BlackFideId "2801990"]
[EventDate "2012.10.11"]
[EventType "team-swiss"]

1. e4 e5 2. Nf3 Nc6 3. Bb5 a6 4. Ba4 Nf6 5. O-O Be7 6. d3 b5 7. Bb3 d6 8. a4 Bd7
9. Nbd2 O-O 10. c3 Na5 11. Ba2 c5 12. Re1 Qc7 13. Nf1 bxa4 14. Bg5 Rab8 15. Re2
Nb3 16. Bxb3 Rxb3 17. Ne3 Rfb8 18. Nc4 h6 19. Bh4 Qd8 20. Nfd2 R3b7 21. Nf1 Nh5
22. Bxe7 Qxe7 23. Nfe3 Nf6 24. Qf1 Qe6 25. Ree1 Bb5 26. f4 exf4 27. Qxf4 Bxc4
28. Nxc4 d5 29. exd5 Qxd5 30. Qg3 Rd8 31. Rxa4 Qxd3 32. Qxd3 Rxd3 33. Rxa6 Rc7
34. h3 Rd8 35. Kf2 Kh7 36. Re5 Kg8 37. Ra5 Nd5 38. Kf3 Rc6 39. Rb5 Rf6+ 40. Kg3
Rg6+ 41. Kf3 Rf6+ 42. Kg3 1/2-1/2

[Event "28th European Club Cup"]
[Site "Eilat ISR"]
[Date "2012.10.17"]
[Round "7.2"]
[White "Romanov, Evgeny"]
[Black "Efimenko, Zahar"]
[Result "0-1"]
[WhiteTitle "GM"]
[BlackTitle "GM"]
[WhiteElo "2611"]
[BlackElo "2689"]
[WhiteTeam "Ashdod"]
[BlackTeam "Saint-Petersburg Chess Federation"]
[WhiteFideId "4148843"]
[BlackFideId "14107201"]
[EventDate "2012.10.11"]
[EventType "team-swiss"]

1. d4 Nf6 2. c4 e6 3. Nc3 Bb4 4. e3 O-O 5. Ne2 c6 6. a3 Ba5 7. b4 Bc7 8. e4 d6
9. Ng3 a5 10. Rb1 axb4 11. axb4 e5 12. d5 Bb6 13. Be2 Bd4 14. Bd2 Nbd7 15. Bd3
Re8 16. Nce2 Ba7 17. Nf5 cxd5 18. cxd5 Ng4 19. O-O Ndf6 20. Neg3 g6 21. Ne3 Nxe3
22. fxe3 Bg4 23. Qb3 h5 24. h3 h4 25. Nh1 Bd7 26. Rf3 Nh5 27. Be2 Qg5 28. Kh2
Bb6 29. Rbf1 Rf8 30. g4 hxg3+ 31. Nxg3 Ng7 32. Rg1 Qh4 33. Bf1 Bg4 34. Rf2 Ra1
35. Qd3 Bxh3 36. Bxh3 Rxg1 37. Kxg1 Qxh3 38. Nf1 Nh5 39. Rh2 Qg4+ 40. Kh1 Qf3+
41. Kg1 f5 42. Qb5 fxe4 43. Qe2 Qxe2 44. Rxe2 Nf4 0-1

[Event "28th European Club Cup"]
[Site "Eilat ISR"]
[Date "2012.10.17"]
[Round "7.2"]
[White "Matlakov, Maxim"]
[Black "Avrukh, Boris"]
[Result "1-0"]
[WhiteTitle "GM"]
[BlackTitle "GM"]
[WhiteElo "2665"]
[BlackElo "2585"]
[WhiteTeam "Saint-Petersburg Chess Federation"]
[BlackTeam "Ashdod"]
[WhiteFideId "4168003"]
[BlackFideId "2803895"]
[EventDate "2012.10.11"]
[EventType "team-swiss"]

1. c4 c5 2. Nf3 Nc6 3. d4 cxd4 4. Nxd4 Nf6 5. Nc3 e6 6. a3 Be7 7. e4 O-O 8. Nf3
d6 9. Be2 b6 10. O-O Bb7 11. Bf4 Rc8 12. Rc1 Ne5 13. Nd2 Re8 14. Re1 Nfd7 15. b4
a6 16. Be3 g5 17. Na4 Kh8 18. f3 Rg8 19. Kh1 h5 20. Nf1 Rg7 21. Qd2 g4 22. f4
Ng6 23. Nc3 Nf6 24. Bd3 h4 25. Kg1 h3 26. g3 Ba8 27. Qf2 Rb8 28. Red1 Qc7 29.
Qe2 Qb7 30. Bd4 Kg8 31. Rc2 Nf8 32. Re1 Rg6 33. Nd1 N8d7 34. Nf2 Nh5 35. Ne3 Bf6
36. Bxf6 Ndxf6 37. c5 bxc5 38. bxc5 dxc5 39. Rxc5 Qb6 40. Rec1 Bb7 41. e5 Bf3
42. Qc2 Nd7 43. Bxg6 Nxc5 44. Bxh5 Ne4 45. Nexg4 Kg7 46. Re1 Rd8 47. Qb1 Qa7 48.
f5 Nxf2 49. f6+ Kh8 50. Nxf2 Rd2 51. Rf1 Bxh5 52. Qe4 Kg8 53. Qh4 Qb7 54. Qxh3
Qf3 55. Qh4 Rb2 56. g4 Qf4 57. Qxh5 Re2 58. Qh4 Rxe5 59. Qg3 Qxg3+ 60. hxg3 Re3
61. Kg2 Rxa3 62. Nh3 Kh7 63. Nf4 Ra2+ 64. Kh3 e5 65. Nd3 Re2 66. Rf5 e4 67. Nf4
Re1 68. Rh5+ Kg8 69. Re5 1-0

[Event "28th European Club Cup"]
[Site "Eilat ISR"]
[Date "2012.10.17"]
[Round "7.3"]
[White "Argandona Riveiro, Inigo"]
[Black "Najer, Evgeniy"]
[Result "0-1"]
[WhiteTitle "IM"]
[BlackTitle "GM"]
[WhiteElo "2402"]
[BlackElo "2664"]
[WhiteTeam "Gros Xake Taldea"]
[BlackTeam "SHSM-64"]
[WhiteFideId "2212072"]
[BlackFideId "4118987"]
[EventDate "2012.10.11"]
[EventType "team-swiss"]

1. c4 e5 2. Nc3 Nc6 3. Nf3 Nf6 4. e4 Bb4 5. d3 d6 6. Be2 O-O 7. O-O h6 8. a3
Bxc3 9. bxc3 Nh7 10. d4 Qe7 11. d5 Na5 12. Be3 f5 13. exf5 Bxf5 14. Nd2 b6 15.
Bg4 Qd7 16. Bxf5 Qxf5 17. Qb1 Qh5 18. Qd1 Qg6 19. Qb1 Qxb1 20. Raxb1 Nf6 21. h3
Rfe8 22. Rfe1 Kf7 23. Re2 Rac8 24. Rb4 c6 25. dxc6 Rxc6 26. Ra4 Re7 27. Re1 Rec7
28. c5 dxc5 29. Nf3 Re6 30. Rd1 Rd7 31. Rd2 Rxd2 32. Nxd2 Rd6 33. Kf1 Rd3 34. c4
Nc6 35. Ke2 Rd7 36. Ra6 Nb8 37. Ra4 Nc6 38. Ra6 Nb8 39. Ra4 Ke6 40. f3 g5 41.
Nb3 Kd6 42. Nc1 Nc6 43. Na2 Nd4+ 44. Kf2 Kc6 45. Nc3 a5 46. h4 Rf7 47. Kg1 g4
48. f4 g3 49. fxe5 Ng4 50. Bxd4 Nh2 0-1

[Event "28th European Club Cup"]
[Site "Eilat ISR"]
[Date "2012.10.17"]
[Round "7.4"]
[White "Alekseev, Evgeny"]
[Black "Kovalev, Vladislav"]
[Result "1-0"]
[WhiteTitle "GM"]
[BlackTitle "IM"]
[WhiteElo "2683"]
[BlackElo "2473"]
[WhiteTeam "Economist-SGSEU Saratov"]
[BlackTeam "Vesnianka Gran"]
[WhiteFideId "4138147"]
[BlackFideId "13504398"]
[EventDate "2012.10.11"]
[EventType "team-swiss"]

1. e4 e5 2. Nf3 Nc6 3. Bb5 a6 4. Ba4 Nf6 5. d3 b5 6. Bb3 Be7 7. Nc3 d6 8. a3 O-O
9. Nd5 Nxd5 10. Bxd5 Bd7 11. O-O Rb8 12. c3 Bf6 13. b4 Ne7 14. Ba2 Ng6 15. Be3
Qe7 16. Qe2 a5 17. Nd2 Ra8 18. g3 Ra6 19. Nb3 axb4 20. axb4 Rfa8 21. Na5 Be6 22.
c4 bxc4 23. Bxc4 Bxc4 24. dxc4 Qd7 25. Qd2 Re8 26. b5 Raa8 27. f3 Nf8 28. Nc6 h5
29. Qd5 Rxa1 30. Rxa1 h4 31. Kg2 Nh7 32. Ra7 Bg5 33. Bf2 Nf6 34. Qd1 hxg3 35.
hxg3 g6 36. Qh1 Nxe4 37. fxe4 Qg4 38. Rxc7 Kg7 39. Nd4 exd4 40. Bxd4+ Re5 41.
Bxe5+ dxe5 42. Qe1 Bh4 43. Qe3 Bxg3 44. Qf3 1-0

[Event "28th European Club Cup"]
[Site "Eilat ISR"]
[Date "2012.10.17"]
[Round "7.4"]
[White "Oblamski, Vladimir"]
[Black "Lysyj, Igor"]
[Result "0-1"]
[BlackTitle "GM"]
[WhiteElo "2114"]
[BlackElo "2628"]
[WhiteTeam "Vesnianka Gran"]
[BlackTeam "Economist-SGSEU Saratov"]
[WhiteFideId "13503979"]
[BlackFideId "4150120"]
[EventDate "2012.10.11"]
[EventType "team-swiss"]

1. e4 e6 2. d4 d5 3. e5 c5 4. c3 Nc6 5. Nf3 Bd7 6. a3 f6 7. Bd3 fxe5 8. dxe5 Nh6
9. O-O Nf7 10. Re1 g6 11. h4 Be7 12. g3 c4 13. Bc2 Qc7 14. Qe2 O-O-O 15. Ba4
Rhg8 16. Bxc6 Bxc6 17. Nd4 Bd7 18. Nd2 g5 19. hxg5 Nxg5 20. f3 h5 21. Kg2 Nf7
22. Nf1 Bc5 23. Bf4 Nh8 24. Kh2 Rdf8 25. Rad1 h4 26. Ne3 Ng6 27. Ng4 Nxf4 28.
gxf4 Rxf4 29. Kh1 Be7 30. Rg1 Rgf8 31. Qh2 Bc5 32. Nf6 R4xf6 33. exf6 Qxh2+ 34.
Kxh2 e5 35. Rg5 exd4 36. Rxd5 Bb6 37. cxd4 Rxf6 38. Rg1 Bc7+ 39. Kh1 Bg3 40.
Rc5+ Kd8 41. Rxc4 Rxf3 42. Rgc1 Rd3 43. R1c3 Rd2 44. Rc2 Rxc2 45. Rxc2 Bc6+ 46.
Kg1 h3 0-1

[Event "28th European Club Cup"]
[Site "Eilat ISR"]
[Date "2012.10.17"]
[Round "7.5"]
[White "Rublevsky, Sergei"]
[Black "Bartel, Mateusz"]
[Result "1/2-1/2"]
[WhiteTitle "GM"]
[BlackTitle "GM"]
[WhiteElo "2693"]
[BlackElo "2635"]
[WhiteTeam "Ugra"]
[BlackTeam "G-Team Novy Bor"]
[WhiteFideId "4115309"]
[BlackFideId "1112635"]
[EventDate "2012.10.11"]
[EventType "team-swiss"]

1. e4 c6 2. d4 d5 3. e5 Bf5 4. Nd2 e6 5. Nb3 Nd7 6. Nf3 a5 7. a4 Bb4+ 8. c3 Be7
9. Be2 Qc7 10. O-O Bd8 11. Bd2 h6 12. Nc1 Ne7 13. Nh4 Be4 14. Bd3 c5 15. Re1 g5
16. Nf3 Bxd3 17. Nxd3 g4 18. Nh4 h5 19. dxc5 Ng8 20. g3 Bxh4 21. gxh4 Nxc5 22.
Bg5 Ne4 23. c4 Nxg5 24. hxg5 dxc4 25. Nf4 Ne7 26. Qd6 Qc6 27. Rad1 Rc8 28. Qxc6+
Rxc6 29. Re4 Nf5 30. Rc1 Nh4 31. Rcxc4 Nf3+ 32. Kg2 Nxg5 33. Rxc6 bxc6 34. Rc4
Kd7 35. Rc5 Kc7 36. Rxa5 Kb6 37. b4 h4 38. h3 gxh3+ 39. Nxh3 Ne4 40. f4 Rd8 41.
Ng5 Nxg5 42. fxg5 Rd5 43. Ra8 Rxe5 44. a5+ Kb7 45. Rg8 Rf5 46. Kh3 Rf4 47. Re8
Ka7 1/2-1/2

[Event "28th European Club Cup"]
[Site "Eilat ISR"]
[Date "2012.10.17"]
[Round "7.6"]
[White "Kytoniemi, Jyrki"]
[Black "Kasimdzhanov, Rustam"]
[Result "0-1"]
[WhiteTitle "FM"]
[BlackTitle "GM"]
[WhiteElo "2283"]
[BlackElo "2690"]
[WhiteTeam "Tammer-Shakki"]
[BlackTeam "OSG Baden-Baden e.V."]
[WhiteFideId "501425"]
[BlackFideId "14200244"]
[EventDate "2012.10.11"]
[EventType "team-swiss"]

1. e4 c5 2. c4 g6 3. Ne2 Bg7 4. Nbc3 Nc6 5. d3 d6 6. g3 h5 7. h3 e5 8. Nd5 Be6
9. Nec3 Bh6 10. Bg2 Bxc1 11. Rxc1 h4 12. g4 Nge7 13. Nf6+ Kf8 14. Qd2 Kg7 15.
Nfd5 Nd4 16. Nxe7 Qxe7 17. f4 exf4 18. Qxf4 Rae8 19. O-O Bd7 20. Rf2 Ne6 21. Qd2
Qg5 22. Qxg5 Nxg5 23. a3 a5 24. Kh2 a4 25. Rb1 Bc6 26. b4 axb3 27. Rxb3 Ra8 28.
a4 Rhe8 29. e5 Rxe5 30. Bxc6 bxc6 31. Rb7 Kh6 32. Ne4 Nxe4 33. dxe4 Rxa4 34. g5+
Rxg5 35. Rbxf7 Rxc4 36. Rf8 Rxe4 37. Rh8+ Kg7 38. Rff8 Rd5 39. Rhg8+ Kh6 40.
Rh8+ Kg5 41. Rf2 c4 42. Rg8 Re3 43. Rg2+ Rg3 0-1

[Event "28th European Club Cup"]
[Site "Eilat ISR"]
[Date "2012.10.17"]
[Round "7.6"]
[White "Natri, Antero"]
[Black "Gustafsson, Jan"]
[Result "0-1"]
[BlackTitle "GM"]
[WhiteElo "2219"]
[BlackElo "2622"]
[WhiteTeam "Tammer-Shakki"]
[BlackTeam "OSG Baden-Baden e.V."]
[WhiteFideId "500518"]
[BlackFideId "4625498"]
[EventDate "2012.10.11"]
[EventType "team-swiss"]

1. g3 d5 2. Bg2 e5 3. d3 Nf6 4. Nf3 Bd6 5. O-O O-O 6. Nc3 Nbd7 7. e4 dxe4 8.
dxe4 Nc5 9. Qe2 Bg4 10. h3 Bh5 11. Rd1 Qc8 12. Bg5 Qe6 13. b4 Ncd7 14. g4 Bg6
15. Rab1 Rfc8 16. Nh4 Ne8 17. Nf5 Bf8 18. Nd5 f6 19. Bd2 c6 20. Nc3 Nb6 21. Bf1
Bf7 22. Be3 g6 23. Ng3 Nc4 24. Bc5 Ned6 25. Qf3 Rd8 26. Bd3 Bh6 27. Qe2 Kg7 28.
Bxc4 Nxc4 29. Rxd8 Rxd8 30. Rd1 Rxd1+ 31. Nxd1 b6 32. Be3 Nxe3 33. Nxe3 Bf4 34.
a3 Kf8 35. Kg2 Qd7 36. Qd1 Qxd1 37. Nxd1 Bc1 38. a4 Ba3 39. b5 cxb5 40. axb5 Bc4
41. Nc3 Bb2 42. Nd5 Bxb5 43. Nf1 a5 44. Nd2 a4 45. c4 Bc6 46. Nxb6 a3 47. Nb3
Bxe4+ 48. f3 Bc2 0-1

[Event "28th European Club Cup"]
[Site "Eilat ISR"]
[Date "2012.10.17"]
[Round "7.7"]
[White "Palac, Mladen"]
[Black "Palliser, Richard J D"]
[Result "1-0"]
[WhiteTitle "GM"]
[BlackTitle "IM"]
[WhiteElo "2600"]
[BlackElo "2458"]
[WhiteTeam "Siroki Brijeg"]
[BlackTeam "White Rose"]
[WhiteFideId "14500116"]
[BlackFideId "407372"]
[EventDate "2012.10.11"]
[EventType "team-swiss"]

1. e4 c5 2. Nf3 d6 3. d4 cxd4 4. Nxd4 Nf6 5. Nc3 a6 6. Be3 e5 7. Nb3 Be6 8. h3
Nbd7 9. g4 Rc8 10. Qd2 b5 11. O-O-O Be7 12. f4 b4 13. Nd5 Nxe4 14. Qxb4 Bxd5 15.
Rxd5 Ng3 16. Rg1 Nxf1 17. Rxf1 Qc7 18. c3 Qc6 19. Rfd1 Rb8 20. Na5 Qxd5 21.
Qxb8+ Nxb8 22. Rxd5 f6 23. c4 Kd7 24. b4 h5 25. b5 hxg4 26. hxg4 exf4 27. Bxf4
Rc8 28. Kb2 Ke6 29. Rd2 g5 30. Bg3 axb5 31. cxb5 Rc5 32. a4 f5 33. Nb3 Rc4 34.
gxf5+ Kxf5 35. Bxd6 Bxd6 36. Rxd6 Rxa4 37. Rd8 Na6 38. Kc3 Nb4 39. Nd4+ 1-0